000 00452nam a2200157Ia 4500
003 OSt
005 20230526111533.0
008 211028s2009 xx 000 0 und d
040 _cAIMIT LIBRARY
041 _aeng
100 _aAbida, A P; Maheshwari, Uma.
_g71801
_99048
110 _aUma Maheshwari
_99049
245 _aEffective inhibitor for acetylcholine esterase enzyme using marine neurotoxin.
260 _aMangalore
_c2009
942 _2ddc
_cPRO
999 _c220187
_d220187